00941 2200313 4500001002100000005001500021035002000036007000300056008004100059020002200100040002200122082001200144084001400156090001800170090002200188100002500210245007400235250004000309300005900349650002000408850001200428504003300440264003600473336002100509337003000530338002300560999002200583990002200605INLIS00000000085765020210323092750 a0010-0321000673ta210323t2019 yoia g ind d a978-623-228-274-2 aYOPDYOGbindcrda04223a532 a532 IMA m aDEP 532 IMA m aCB-D.11 2019-36160 aImam Rohaniepenulis10aMekanika fluida :buntuk bidang ilmu rekayasa /cpenulis, Imam Rohani aEdisi pertama; Cetakan pertama 2019 axxiv, 149 halaman :bilustrasi, gambar, tabel ;c24 cm 4aMekanika Fluida aYOPDYOG aBibliografi: halaman 313-31431aYogyakarta :bGraha Ilmu,c2019 2rdacontentateks 2rdamediaatanpa perantara 2rdacarrieravolume aCB-D.11/2019-3616 aCB-D.11/2019-3616